Scandinavia revenues (Record no. 1862)

000 -LEADER
fixed length control field 00437nam a22001097a 4500
008 - FIXED-LENGTH DATA ELEMENTS--GENERAL INFORMATION
fixed length control field 160321b xxu||||| |||| 00| 0 eng d
100 ## - MAIN ENTRY--AUTHOR'S NAME
Author's Name Barefoot, John
245 ## - TITLE STATEMENT
Title Scandinavia revenues
260 ## - PUBLICATION, DISTRIBUTION, ETC. (IMPRINT)
Place of publication, distribution, etc. York, England
Name of publisher, distributor, etc. J. Barefoot Ltd
Date of publication, distribution, etc. 1988
650 ## - TOPICAL TERM (Tag)
Topical term or geographic name Scandinavia | Revenues | Denmark | Finland | Norway Iceland | Sweden | Danish West Indies | Faroe Islands | Greenland Catalogs and Price Lists | Cinderella Material
700 ## - SECONDARY AUTHOR, EDITOR OR ILLUSTRATOR
Personal Name Hall, Andrew
Holdings
Withdrawn status Lost status Source of classification or shelving scheme Damaged status Koha normalized classification for sorting Not for loan Permanent Location Current Location Date acquired Total Checkouts Full call number Barcode Date last seen Copy number Price effective from Public note
        G6911 R451 B248   Northern Philatelic Library Northern Philatelic Library 03/21/2016   G6911 .R451 B248 1002164 03/21/2016 1 03/21/2016 2nd Ed. 1988

Powered by Koha